| 000 | 00663nam a22002057a 4500 | ||
|---|---|---|---|
| 005 | 20170330171431.0 | ||
| 010 | _aENG-117662 | ||
| 020 |
_a9788184845693 _c650.00 |
||
| 035 | _aEN-101194 | ||
| 037 | _bDABD/PUB | ||
| 082 | _a343.07 | ||
| 100 | _aVerma,Rajnikant | ||
| 245 |
_aIndustrial laws : _cby Rajnikant Verma [and] Nupur Saboo _bbased on paper DC 1-14 Industrial laws,University of Delhi,Delhi / |
||
| 260 |
_aNew Delhi _bRegal Publication _c2016 |
||
| 270 |
_aF-159, Rajouri Garden, _bNew Delhi _e110027 |
||
| 300 |
_aix,139p. _c22cm(Hb) |
||
| 500 | _aincludes Index | ||
| 700 | _aSaboo,Nupur | ||
| 942 |
_2ddc _cEN _h343.07 _mVER |
||
| 999 |
_c138577 _d138577 |
||